Statistics for Wigan Athletic Premier League Players

Click here to take the quiz!

General Stats

  • This quiz has been taken 89 times
  • The average score is 23 of 112

Answer Stats

The Latics% Correct
Ben Watson
66%
Ali Al Habsi
57%
Antonio Valencia
54%
James McCarthy
49%
Maynor Figueroa
49%
Emile Heskey
48%
Gary Caldwell
48%
Jordi Gomez
48%
Callum McManaman
46%
David Jones
46%
Emmerson Boyce
46%
Jason Roberts
46%
Shaun Maloney
46%
Steven Caldwell
46%
Chris Kirkland
44%
Franco Di Santo
43%
Hugo Rodallega
43%
Leighton Baines
43%
Charles N'Zogbia
41%
Jimmy Bullard
41%
Arouna Kone
39%
James McArthur
39%
Joel Robles
33%
Michael Brown
33%
Paul Scharner
33%
Antolin Alcaraz
31%
Pascal Chimbonda
31%
Mario Melchiot
30%
Hendry Thomas
28%
Titus Bramble
28%
Victor Moses
28%
Amr Zaki
26%
Arjan De Zeeuw
26%
Henri Camara
26%
Ryan Taylor
26%
David Thompson
25%
Matt Jackson
25%
Mike Pollitt
25%
Denny Landzaat
23%
Kevin Kilbane
23%
Jordan Robinson
21%
Mohamed Diame
21%
Wilson Palacios
21%
Lee McCulloch
20%
Gary Teale
18%
Jean Beausejour
18%
Marcus Bent
18%
Marlon King
18%
Roger Espinoza
18%
Conor Sammon
16%
David Wright
16%
Fitz Hall
16%
John Filan
16%
Lee Cattermole
16%
Mido
16%
Tom Cleverley
16%
Erik Edman
15%
Jason Koumas
15%
Albert Crusat
13%
Andreas Johansson
13%
Antoine Sibierski
13%
David Connolly
13%
Ivan Ramis
13%
Mauro Boselli
13%
Ryo Miyaichi
13%
Steve Gohouri
13%
Adrián López
11%
Angelo Henriquez
11%
David Unsworth
11%
Frasier Fyvie
11%
Jason Scotland
11%
Josip Skoko
11%
Roman Golobart
11%
Ronnie Stam
11%
Scott Sinclair
11%
Damien Francis
10%
Graham Kavanagh
10%
Julius Aghahowa
10%
Neil Mellor
10%
Olivier Kapo
10%
Richard Kingson
10%
Stephane Henchoz
10%
Alan Mahon
8%
Caleb Folan
8%
Daniel De Ridder
8%
David Cotterill
8%
Patrick Van Aanholt
8%
Steve McMillen
8%
Vladimir Stojkovic
8%
Andreas Granqvist
7%
Antonio Amaya
7%
Emerson Thome
7%
Marcelo Moreno
7%
Salomon Olembe
7%
Svetoslav Todorov
7%
Tomasz Cywka
7%
Won-hee Cho
7%
Andy Webster
5%
Carlo Nash
5%
Daniel Redmond
5%
Erik Hagen
5%
Gary Walsh
5%
Joey Waterhouse
5%
Jordan Mustoe
5%
Kristofer Hæstad
5%
Lee Nicholls
5%
Lewis Montrose
5%
Luke Joyce
5%
Nouha Dicko
5%
Reto Ziegler
5%
Tomasz Kupisz
5%
Rachid Bouaouzan
3%

Score Distribution

Percentile by Number Answered

Percent of People with Each Score

Your Score History

You have not taken this quiz